| 000 | 02152cam a2200277Ia 4500 | ||
|---|---|---|---|
| 001 | 4393 | ||
| 003 | BD-RjUL | ||
| 005 | 20211208233902.0 | ||
| 008 | 131222s1954 nyu b 000 0 eng d | ||
| 035 | _a(BD-RjUL)4428 | ||
| 040 |
_aJDS _cJDS _dOCL _dOCLCG _dOCLCA _dOHO _dLOL _dBD-RjUL _beng |
||
| 041 | _aeng | ||
| 082 | 0 | 4 |
_216 _a347.9 _bMEJ 1954 |
| 090 |
_aKF325.149 _b.M42 1954 |
||
| 100 | 1 |
_aMedina, Harold R. _q(Harold Raymond), _d1888-1990. _913881 |
|
| 245 | 1 | 0 |
_aJudge Medina speaks : _ba group of addresses / _cHarrold R. Medina. |
| 260 |
_aAlbany : _bM. Bender, _c1954. |
||
| 300 |
_a319 p. ; _c23 cm. |
||
| 505 | 0 | 0 |
_tThe judge and the judicial administration: _tJudges as leaders in improving the administration of justice -- _tThe work of the administrative office of the United States courts -- _tThe selection of judges in New York -- _tMemorial to the late Honorable John Bright -- _tThe judge and the lawyer: _tCourage and independence at the bar -- _tBefore ascending the bench -and after -- _tThe education of a judge -- _tEqual justice for all -- _tThe judge and his job: _tSome reflections on the judicial function: a personal viewpoint -- _tA new judge tries his first patent case -- _tPublic relations of the bench and the bar -- _tOliver Wendell Holmes, patriot -- _tThe judge and education: _tWhy study Latin -- _tThe pursuit of happiness -- _tJudicial administration and the law schools -- _tThe humanities and individual integrity -- _tCharacter building -the job of a lifetime -- _tThe Princeton class -a study in democracy -- _tOur capacity for growth -- _tThe judge and democracy: _tOne hundred percent justice -- _tTo the motion picture industry -- _tOn unveiling War Memorial at Quogue -- _tJustice -a community job -- _tThe judge and his God: _tThe judge and his God -we are not the masters -- _tThe spiritual quality of justice -- _tFragments -- _tLetters to the judge (editor's note). |
| 650 | 0 |
_aJudges _zUnited States. _913882 |
|
| 650 | 0 |
_aJustice, Administration of _zUnited States. _913883 |
|
| 830 | 0 |
_v212/112. _913892 |
|
| 700 | 1 |
_aedited by Maxine Boord Virtue. _913885 |
|
| 830 | 0 |
_aLaw books recommended for libraries. _911589 |
|
| 942 |
_2ddc _cBK |
||
| 999 |
_c4393 _d4393 |
||